<?xml version="1.0" encoding="UTF-8"?>
<record
    xmlns:xsi="http://www.w3.org/2001/XMLSchema-instance"
    xsi:schemaLocation="http://www.loc.gov/MARC21/slim http://www.loc.gov/standards/marcxml/schema/MARC21slim.xsd"
    xmlns="http://www.loc.gov/MARC21/slim">

  <leader>00825nam a2200181 i 4500</leader>
  <controlfield tag="001">95548</controlfield>
  <controlfield tag="003">ES-MaACL</controlfield>
  <controlfield tag="005">20230906181729.0</controlfield>
  <controlfield tag="007">t|</controlfield>
  <controlfield tag="008">050531s1951    sp           ||||1| spa d</controlfield>
  <datafield tag="100" ind1="1" ind2=" ">
    <subfield code="a">Lle&#xF3; Silvestre, Antonio.</subfield>
    <subfield code="9">72756</subfield>
  </datafield>
  <datafield tag="245" ind1="1" ind2="0">
    <subfield code="a">Conexi&#xF3;n de tres pol&#xED;ticas : </subfield>
    <subfield code="b">seguridad social y educaci&#xF3;n primaria / </subfield>
    <subfield code="c">ponencia presentada por D. Antonio Lleo Silvestre ... al Primer Congreso Iberoamericano de Seguridad Social, celebrado en Madrid durante los d&#xED;as 23 de mayo al 3 de junio de 1951.</subfield>
  </datafield>
  <datafield tag="260" ind1=" " ind2=" ">
    <subfield code="a">Madrid : </subfield>
    <subfield code="b">Comisi&#xF3;n Nacional de Mutualidades y Cotos Escolares de Previsi&#xF3;n,</subfield>
    <subfield code="c">1951.</subfield>
  </datafield>
  <datafield tag="300" ind1=" " ind2=" ">
    <subfield code="a">28 p. ; </subfield>
    <subfield code="c">21 cm.</subfield>
  </datafield>
  <datafield tag="650" ind1=" " ind2="4">
    <subfield code="a">Cotos escolares.</subfield>
    <subfield code="9">163888</subfield>
  </datafield>
  <datafield tag="711" ind1="0" ind2="4">
    <subfield code="a">Congreso Iberoamericano de Seguridad Social (</subfield>
    <subfield code="n">1&#xBA;. </subfield>
    <subfield code="d">1951. </subfield>
    <subfield code="c">Madrid)</subfield>
    <subfield code="9">395</subfield>
  </datafield>
  <datafield tag="852" ind1=" " ind2=" ">
    <subfield code="a">ES-MaACL</subfield>
    <subfield code="j">1931-F-2 </subfield>
    <subfield code="b">R.31783</subfield>
  </datafield>
  <datafield tag="999" ind1=" " ind2=" ">
    <subfield code="c">95548</subfield>
    <subfield code="d">95548</subfield>
  </datafield>
  <datafield tag="952" ind1=" " ind2=" ">
    <subfield code="0">0</subfield>
    <subfield code="1">0</subfield>
    <subfield code="4">0</subfield>
    <subfield code="7">0</subfield>
    <subfield code="8">Colecci&#xF3;n_de_folletos</subfield>
    <subfield code="a">ATENEOM</subfield>
    <subfield code="b">ATENEOM</subfield>
    <subfield code="c">DEPOF</subfield>
    <subfield code="d">2008-01-17</subfield>
    <subfield code="e">SC</subfield>
    <subfield code="l">0</subfield>
    <subfield code="o">1931-F-2</subfield>
    <subfield code="p">1099770</subfield>
    <subfield code="r">2023-02-23 00:00:00</subfield>
    <subfield code="w">2023-02-23</subfield>
    <subfield code="y">FOLLETOS</subfield>
  </datafield>
</record>
